000 00313nam a2200133Ia 4500
005 20260328101511.0
008 260328s9999||||xx |||||||||||||| ||und||
100 _aScientific American
245 0 _aLa Ciudad /
_cScientific American
260 _bAlianza
300 _a266 p.
650 _aURBANISMO
942 _cBK
999 _c9208
_d9208